[Event "KAZ-ch Open 2019"]
[Site "Almaty"]
[Date "2019.04.28"]
[Round "7.3"]
[White "Makhnev, Denis"]
[Black "Ibrayev, Nurlan"]
[Result "1/2-1/2"]
[WhiteElo "2483"]
[BlackElo "2379"]
[Annotator "RC"]
[PlyCount "138"]
[EventDate "2019.04.21"]
[EventType "tourn"]
[EventCountry "KAZ"]
[SourceTitle "playchess.com"]
[Source "ChessBase"]
[SourceQuality "1"]
[TimeControl "40/5400+30:1800+30"]

1. d4 Nf6 2. c4 e6 3. g3 d5 4. Bg2 Be7 5. Nf3 O-O 6. O-O c6 7. Nbd2 b6 8. Qc2 Bb7 9. e4 Na6 10. e5 Nd7 11. cxd5 Nb4 12. Qb1 Nxd5 13. Ne4 h6 14. a3 a5 15. Bd2 c5 16. dxc5 Nxc5 17. Nxc5 bxc5 18. Qe4 Qb6 19. Qg4 Kh7 20. Rfe1 Qb3 21. Bc1 Nc7 22. Nd2 Qb5 23. Ne4 Rad8 24. h4 Rd7 25. Qh5 Nd5 26. Ng5+ Kg8 27. Nh3 Nc7 28. Qg4 Kh7 29. Bxb7 Qxb7 30. Nf4 Nd5 31. Nh5 Rg8 32. Qf3 Bf8 33. g4 g6 34. Ng3 Bg7 35. h5 Qc7 36. hxg6+ fxg6 37. Qh1 Rh8 38. g5 Kg8 39. Qe4 Ne7 40. gxh6 Bxh6 41. Qg4 {[%emt 2:03:15]} Qc6 {[%emt 1:51:31]} 42. Bxh6 {[%emt 0:00:10]} Rxh6 {[%emt 0:00:04]} 43. Rad1 {[%emt 0:00:06]} Nd5 {[%emt 0:00:47]} 44. Qg5 {[%emt 0:01:05]} Kg7 {[%emt 0:06:00]} 45. Re4 {[%emt 0:00:37]} Rf7 {[%emt 0:00:25]} 46. Rd2 {[%emt 0:01:17]} Qb7 {[%emt 0:15:43]} 47. Qg4 {[%emt 0:05:03]} Qe7 {[%emt 0:00:51]} 48. Rd3 {[%emt 0:01:01]} Qf8 {[%emt 0:00:46]} 49. Qxe6 {[%emt 0:05:27]} Nf4 {[%emt 0:02:17]} 50. Rxf4 {[%emt 0:00:04]} Rxf4 {[%emt 0:00:02]} 51. Rd7+ {[%emt 0:00:04]} Rf7 {[%emt 0:01:37]} 52. Ne4 {[%emt 0:00:04]} Rxd7 {[%emt 0:03:37]} 53. Qxd7+ {[%emt 0:00:03]} Kh8 {[%emt 0:00:01]} 54. Nf6 {[%emt 0:01:35]} g5 {[%emt 0:00:41]} 55. e6 {[%emt 0:00:28]} Qa8 {[%emt 0:00:41]} 56. Nd5 {[%emt 0:02:02]} Qb8 {[%emt 0:00:08]} 57. Qc7 {[%emt 0:03:23]} Qxb2 {[%emt 0:01:01]} 58. Kg2 {[%emt 0:00:19]} Qd4 {[%emt 0:00:59]} 59. Qc8+ {[%emt 0:00:41]} Kh7 {[%emt 0:00:53]} 60. Qd7+ {[%emt 0:00:04]} Kh8 {[%emt 0:00:12]} 61. Qe8+ {[%emt 0:01:08]} Kh7 {[%emt 0:00:16]} 62. Qd7+ {[%emt 0:00:50]} Kh8 {[%emt 0:00:01]} 63. Qe8+ {[%emt 0:01:18]} Kh7 {[%emt 0:00:02]} 64. Qf7+ {[%emt 0:00:30]} Qg7 {[%emt 0:00:16]} 65. Qf5+ {[%emt 0:00:03]} Kg8 {[%emt 0:02:47]} 66. e7 {[%emt 0:00:09]} Qf7 {[%emt 0:00:08]} 67. Qc8+ {[%emt 0:02:05]} Kh7 {[%emt 0:00:57]} 68. Qd7 {[%emt 0:00:34]} Rh2+ {[%emt 0:00:27]} 69. Kxh2 {[%emt 0:00:05]} Qxf2+ {[%emt 0:00:04]} 1/2-1/2

[Event "KAZ-ch Open 2019"]
[Site "Almaty"]
[Date "2019.04.28"]
[Round "7.4"]
[White "Ismagambetov, Anuar"]
[Black "Kostenko, Petr"]
[Result "1/2-1/2"]
[WhiteElo "2554"]
[BlackElo "2450"]
[Annotator "TA"]
[PlyCount "86"]
[EventDate "2019.04.21"]
[EventType "tourn"]
[EventCountry "KAZ"]
[SourceTitle "playchess.com"]
[Source "ChessBase"]
[SourceQuality "1"]

{[%evp 23,86,17,15,23,37,20,20,14,10,7,11,6,18,0,25,11,20,-23,-15,-57,-61,-80,-87,-92,-84,-92,-100,-94,-100,-93,-83,-135,-52,-27,48,48,55,56,649,132,118,-13,-14,-63,0,0,0,0,0,-10,-10,-10,-8,-8,-8,-8,-8,-8,-8,-12,-12,-16,-10,-17,-5]} 1. e4 e5 2. Nf3 Nc6 3. Bb5 a6 4. Ba4 Nf6 5. O-O Be7 6. Re1 b5 7. Bb3 d6 8. c3 O-O 9. h3 Bb7 10. d3 Na5 11. Bc2 c5 12. Nbd2 Nc6 13. Nf1 {C92: Closed Ruy Lopez: 9...Be6, Karpov and Flohr-Zaitsev Variations} Re8 14. Ng3 (14. Bg5 h6 15. Bxf6 Bxf6 16. Ne3 Ne7 17. Bb3 d5 18. Ng4 c4 19. dxc4 dxc4 20. Nxf6+ gxf6 {1-0 (47) Safarli,E (2664)-Rasulov,V (2486) Nakhchivan 2016}) 14... h6 15. Nh2 Bf8 16. Ng4 Nxg4 $146 ({Predecessor:} 16... Bc8 17. Nxf6+ Qxf6 18. Be3 Be6 19. Bb3 Bxb3 20. Qxb3 Qe6 21. Nf5 Kh7 22. Bd2 c4 {½-½ (22) Mirzoev,A (2488)-Khamrakulov,I (2451) Tanta 2001}) 17. Qxg4 Bc8 18. Nf5 Kh8 {Black wants to play ...g6.} 19. Qg3 d5 20. Qf3 d4 21. g4 Be6 22. Kh1 Qa5 23. Bd2 dxc3 24. bxc3 {[#]} Nd4 $1 {[%cal Rd4f3][%mdl 512]} 25. cxd4 Qxd2 26. Re2 Qc3 {[%mdl 64] Double Attack} 27. Rg1 exd4 ({Black should play} 27... cxd4 $17 28. g5 Qc6 29. gxh6 g6) 28. g5 $15 {gxh6 is the strong threat.} c4 (28... Qa5 $11 29. gxh6 g6) 29. gxh6 $14 g6 {Hoping for ...cxd3.} ({But not} 29... gxh6 $2 30. Qg4 $18) 30. Nd6 $1 {[%cal Rd6f7][%mdl 64] Double Attack} Re7 $2 {[%mdl 8192] [#]} (30... Bxh6 $14 31. Qf6+ (31. Nxf7+ Bxf7 32. Qxf7 Rg8 $11) 31... Kg8) 31. e5 $2 (31. Qf6+ $1 $18 {is the precise move to win.} Kh7 32. Rg3 cxd3 33. Bxd3 Qc1+ 34. Kh2 Qxh6 35. e5) 31... Raa7 $16 32. Ne4 (32. Kh2 $16 Bxh6 33. Ne4) 32... Bd5 $36 {[%mdl 2048] White must now prevent ...Re6. Black has some pressure.} 33. Kh2 (33. Rxg6 $5 fxg6 34. Qxf8+ Kh7 35. Qf3 Bxe4 36. Qxe4 $15) 33... Bxe4 (33... Re6 $1 $15 34. Qf4 Bxe4 35. Qxe4 Rae7) 34. Qxe4 {The position is equal.} Bxh6 35. Rg3 Qa1 36. Rg4 f5 ({Not} 36... Qxa2 $2 37. e6 $18) 37. Qxd4 Qxd4 38. Rxd4 Rad7 39. Rxd7 $1 Rxd7 40. e6 Bf4+ 41. Kg2 Re7 42. dxc4 bxc4 43. Kf3 Bg5 {Accuracy: White = 38%, Black = 59%.} 1/2-1/2

[Event "KAZ-ch Open 2019"]
[Site "Almaty"]
[Date "2019.04.28"]
[Round "7.5"]
[White "Moisseyenko, Ilya"]
[Black "Kvan, Andrey"]
[Result "0-1"]
[WhiteElo "2329"]
[BlackElo "2286"]
[Annotator "NA"]
[PlyCount "188"]
[EventDate "2019.04.21"]
[EventType "tourn"]
[EventCountry "KAZ"]
[SourceTitle "playchess.com"]
[Source "ChessBase"]
[SourceQuality "1"]
[TimeControl "40/5400+30:1800+30"]

1. Nf3 {[%emt 0:00:00]} Nf6 {[%emt 0:00:00]} 2. g3 {[%emt 0:00:00]} g6 {[%emt 0:00:00]} 3. Bg2 {[%emt 0:00:00]} Bg7 {[%emt 0:00:00]} 4. O-O {[%emt 0:00:00]} O-O {[%emt 0:00:01]} 5. c4 {[%emt 0:00:00]} c6 {[%emt 0:00:19]} 6. Qc2 {[%emt 0:02:51]} d5 {[%emt 0:00:21]} 7. b3 {[%emt 0:00:12]} Nbd7 {[%emt 0:03:57]} 8. Bb2 {[%emt 0:00:09]} a6 {[%emt 0:01:03] A11: English Opening: 1...c6} (8... Re8 9. cxd5 cxd5 10. Rc1 e5 11. Qc7 Qxc7 12. Rxc7 b6 13. Nc3 e4 14. Nd4 Bf8 15. d3 a6 16. dxe4 dxe4 17. Rd1 Rb8 {1-0 (75) Artemiev,V (2696)-Mikaelyan,A (2503) St Petersburg 2017}) 9. d3 {[%emt 0:02:27]} Re8 {[%emt 0:03:43]} 10. cxd5 $146 {[%emt 0:09:20]} ({Predecessor:} 10. Nbd2 Nf8 11. Rac1 Bg4 12. Rfe1 N8d7 13. cxd5 Nxd5 14. Bxg7 Kxg7 15. Qb2+ {½-½ (50) Pancevski,F (2507)-Jacimovic,D (2374) Skopje 2015}) 10... cxd5 {[%emt 0:03:12]} 11. Nbd2 {[%emt 0:00:12]} Nf8 {[%emt 0:08:22]} 12. Rac1 {[%emt 0:01:02]} Bd7 {[%emt 0:10:25]} 13. Ne5 {[%emt 0:05:55]} Rc8 {[%emt 0:05:15]} 14. Qb1 {[%emt 0:00:05]} Qa5 {[%emt 0:00:16]} 15. Ndf3 {[%emt 0:03:37]} Be6 {[%emt 0:10:05]} 16. Nd4 {[%emt 0:10:56]} Qb6 {[%emt 0:04:42]} 17. Qa1 {[%emt 0:07:56]} N8d7 {[%emt 0:11:21]} 18. Nxe6 {[%emt 0:00:40]} Qxe6 {[%emt 0:03:13]} 19. Bf3 {[%emt 0:01:59]} Bh6 {[%emt 0:04:21]} 20. e3 {[%emt 0:02:06]} Nxe5 {[%emt 0:03:27]} 21. Bxe5 {[%emt 0:00:05]} Nd7 {[%emt 0:00:14]} 22. Bb2 {[%emt 0:01:10]} b5 {[%emt 0:02:16]} 23. Kg2 {[%emt 0:04:52]} Qd6 {[%emt 0:01:05]} 24. Rxc8 {[%emt 0:01:01]} Rxc8 {[%emt 0:00:02]} 25. Rc1 {[%emt 0:00:06]} Rxc1 {[%emt 0:02:01]} 26. Qxc1 {[%emt 0:00:05]} Bg7 {[%emt 0:00:23]} 27. Qc8+ {[%emt 0:07:01]} Nf8 {[%emt 0:00:18]} 28. d4 {[%emt 0:00:53]} Bf6 {[%emt 0:02:01]} 29. a4 {[%emt 0:02:32]} e6 {[%emt 0:04:58]} 30. Be2 {[%emt 0:03:36]} bxa4 {[%emt 0:00:27]} 31. bxa4 {[%emt 0:00:11]} Qb4 {[%emt 0:03:35]} 32. Qc2 {[%emt 0:02:01]} a5 {[%emt 0:00:19]} 33. Bb5 {[%emt 0:02:24]} Bd8 {[%emt 0:01:21]} 34. h4 {[%emt 0:07:07]} h5 {[%emt 0:01:11]} 35. Qc8 {[%emt 0:05:22]} Qd6 {[%emt 0:00:11]} 36. Qc1 {[%emt 0:02:56]} Be7 {[%emt 0:01:23]} 37. Bc3 {[%emt 0:00:24]} Qc7 {[%emt 0:00:16]} 38. Qd2 {[%emt 0:00:05]} Bd8 {[%emt 0:00:06]} 39. e4 {[%emt 0:02:41]} Nh7 {[%emt 0:02:44]} 40. e5 {[%emt 0:00:00]} Kg7 {[%emt 0:00:00]} 41. Qe3 {[%emt 0:02:20]} Qe7 {[%emt 0:04:07]} 42. Qe1 {[%emt 0:00:54]} Qc7 {[%emt 0:00:24]} 43. Bd3 {[%emt 0:00:13]} Nf8 {[%emt 0:00:35]} 44. Kh3 {[%emt 0:01:17]} Qa7 {[%emt 0:01:03]} 45. f3 {[%emt 0:01:59]} Bb6 {[%emt 0:05:29]} 46. Qe3 {[%emt 0:00:08]} Qc7 {[%emt 0:00:14]} 47. Bd2 {[%emt 0:00:37]} Kg8 {[%emt 0:02:14]} 48. g4 {[%emt 0:00:09]} hxg4+ {[%emt 0:00:29]} 49. fxg4 {[%emt 0:01:49]} Qc6 {[%emt 0:01:44]} 50. Bb5 {[%emt 0:04:56]} Qc2 {[%emt 0:00:10]} 51. Qf2 {[%emt 0:05:03]} Qe4 {[%emt 0:08:57]} 52. Be3 {[%emt 0:07:59]} g5 {[%emt 0:02:18]} 53. hxg5 {[%emt 0:02:40]} Ng6 {[%emt 0:00:49]} 54. Kg3 {[%emt 0:05:17]} Nxe5 {[%emt 0:02:54]} 55. Qf4 {[%emt 0:00:57]} Qxf4+ {[%emt 0:01:32]} 56. Kxf4 {[%emt 0:00:05]} Ng6+ {[%emt 0:00:15]} 57. Kf3 {[%emt 0:00:04]} Kg7 {[%emt 0:00:09]} 58. Ke2 {[%emt 0:00:20]} Bc7 {[%emt 0:00:40]} 59. Bd2 {[%emt 0:01:05]} Bb6 {[%emt 0:01:45]} 60. Kf3 {[%emt 0:03:50]} Kf8 {[%emt 0:01:34]} 61. Bd3 {[%emt 0:00:33]} Ne7 {[%emt 0:00:10]} 62. Bb5 {[%emt 0:00:30]} Kg7 {[%emt 0:01:05]} 63. Be3 {[%emt 0:01:14]} Nc8 {[%emt 0:00:54]} 64. Ke2 {[%emt 0:03:48]} Bd8 {[%emt 0:03:03]} 65. Bd2 {[%emt 0:01:09]} Ne7 {[%emt 0:02:26]} 66. Kf3 {[%emt 0:00:28]} Ng6 {[%emt 0:00:16]} 67. Bd3 {[%emt 0:00:57]} Nf8 {[%emt 0:00:36]} 68. Kg3 {[%emt 0:01:11]} Bc7+ {[%emt 0:01:47]} 69. Kh3 {[%emt 0:01:00]} Ng6 {[%emt 0:00:49]} 70. Kg2 {[%emt 0:03:41]} Nf4+ {[%emt 0:00:38]} 71. Bxf4 $1 {[%emt 0:00:04]} Bxf4 {[%emt 0:00:06]} 72. Kf3 $19 {[%emt 0:00:06]} (72. g6 $1 $15) 72... Bxg5 {[%emt 0:00:06]} 73. Bb5 {[%emt 0:00:12]} Kf8 {[%emt 0:00:05]} 74. Ke2 {[%emt 0:00:34]} Ke7 {[%emt 0:00:07]} 75. Kd3 {[%emt 0:00:01]} f6 {[%emt 0:00:12]} 76. Ba6 {[%emt 0:00:38]} Kd6 {[%emt 0:00:09]} 77. Bc8 {[%emt 0:00:05]} e5 {[%emt 0:00:22]} 78. Bb7 {[%emt 0:00:27]} Bc1 {[%emt 0:00:17]} 79. Bc8 {[%emt 0:00:20]} Bb2 {[%emt 0:00:43]} 80. g5 {[%emt 0:01:13]} fxg5 {[%emt 0:04:45]} 81. dxe5+ {[%emt 0:00:12]} Kxe5 {[%emt 0:00:05]} 82. Bd7 {[%emt 0:00:37]} Bd4 {[%emt 0:00:42]} 83. Bc8 {[%emt 0:00:04]} Bg1 {[%emt 0:00:17]} 84. Bd7 {[%emt 0:00:30]} Kf4 {[%emt 0:00:16]} 85. Bc6 {[%emt 0:00:32]} d4 {[%emt 0:00:08]} 86. Ke2 {[%emt 0:00:01]} g4 {[%emt 0:00:37]} 87. Bd7 {[%emt 0:00:32]} Be3 {[%emt 0:00:46]} 88. Bc8 {[%emt 0:00:10]} Bc1 {[%emt 0:00:35]} 89. Ba6 {[%emt 0:01:19]} Ba3 {[%emt 0:00:24]} 90. Bb5 {[%emt 0:00:07]} Bc5 {[%emt 0:00:08]} 91. Ba6 {[%emt 0:00:15]} Kg3 {[%emt 0:00:27]} 92. Bc8 {[%emt 0:00:29]} d3+ {[%emt 0:00:40]} 93. Kxd3 {[%emt 0:00:37]} Kf3 {[%emt 0:00:12]} 94. Bb7+ {[%emt 0:04:01]} Kf2 {[%emt 0:00:08]} 0-1

[Event "KAZ-ch Open 2019"]
[Site "Almaty"]
[Date "2019.04.28"]
[Round "7.6"]
[White "Zhalmakhanov, Ramazan"]
[Black "Urazayev, Arystanbek"]
[Result "1/2-1/2"]
[WhiteElo "2346"]
[BlackElo "2446"]
[Annotator "TA"]
[PlyCount "66"]
[EventDate "2019.04.21"]
[EventType "tourn"]
[EventCountry "KAZ"]
[SourceTitle "playchess.com"]
[Source "ChessBase"]
[SourceQuality "1"]

{[%evp 31,66,27,29,0,0,0,0,0,9,0,0,-15,-14,0,0,0,0,0,7,7,59,62,71,79,36,54,104,108,115,107,106,111,106,61,43,33,24]} 1. e4 e5 2. Nf3 Nc6 3. Bb5 a6 4. Ba4 Nf6 5. O-O Be7 6. Re1 b5 7. Bb3 d6 8. c3 O-O 9. h3 Nb8 10. d4 Nbd7 11. Nbd2 Bb7 12. Bc2 Re8 13. Nf1 Bf8 14. Ng3 g6 15. a4 c5 16. d5 c4 17. b4 {C95: Closed Ruy Lopez: Breyer Variation with 10 d4} (17. Bg5 Nc5 18. Qd2 Be7 19. Bh6 Nfd7 20. Nh2 bxa4 21. Ng4 Nb3 22. Bxb3 axb3 23. f4 Nf6 24. Ne3 exf4 25. Bxf4 {½-½ (54) Borisek,J (2578)-Amin,B (2686) Batumi 2018}) 17... cxb3 $1 18. Bxb3 Nc5 19. c4 $146 {The position is equal.} ({Predecessor:} 19. Bc2 Rb8 20. axb5 axb5 21. Ba3 Qc7 22. Bb4 Ra8 23. Qe2 Qb6 24. Bd3 Nxd3 25. Qxd3 {0-1 (75) Voon,R (1735)-Tan,J (1978) Melbourne 2010}) 19... Qd7 20. cxb5 axb5 21. a5 Ba6 22. Ba3 b4 {[%mdl 64] Decoy} 23. Bxb4 Nd3 24. Ba4 Qa7 25. Re3 $1 {[%cal Re3d3]} ({Don't play} 25. Bxe8 Nxf2 26. Qa4 Nxh3+ 27. Kh2 Nf2 $15) 25... Nxb4 (25... Reb8 $1 $11 26. Be1 Nxe1 27. Nxe1 (27. Qxe1 Bh6 $11) 27... Rb4) 26. Bxe8 $14 Rxe8 {[#]} 27. Rb3 $1 {[%cal Rb3b4] [#]} Nbxd5 $1 {[%mdl 512]} 28. exd5 Bc4 29. Rb2 Bxd5 30. a6 Ba8 {[#]} 31. Qa4 $1 d5 32. Re1 Bd6 33. Rbe2 {[%cal Rf3e5]} e4 {Accuracy: White = 71%, Black = 71%.} 1/2-1/2

[Event "KAZ-ch Open 2019"]
[Site "Almaty"]
[Date "2019.04.29"]
[Round "8.1"]
[White "Agmanov, Zhandos"]
[Black "Urazayev, Arystanbek"]
[Result "1/2-1/2"]
[WhiteElo "2394"]
[BlackElo "2446"]
[Annotator "TA"]
[PlyCount "54"]
[EventDate "2019.04.21"]
[EventType "tourn"]
[EventCountry "KAZ"]
[SourceTitle "playchess.com"]
[Source "ChessBase"]
[SourceQuality "1"]

{[%evp 18,54,10,15,11,0,17,20,12,16,21,15,60,0,16,20,12,-14,56,46,59,57,57,58,58,57,59,45,43,36,50,54,33,35,65,50,80,50,47]} 1. e4 e5 2. Nf3 Nc6 3. Bb5 a6 4. Ba4 Nf6 5. O-O Be7 6. d3 b5 7. Bb3 O-O 8. a4 b4 9. Nbd2 d6 10. a5 Be6 {C84: Closed Ruy Lopez: Unusual White 6th moves} (10... h6 11. Re1 Rb8 12. h3 Be6 13. Ba4 Nxa5 14. d4 c5 15. dxe5 dxe5 16. Nxe5 c4 17. Qe2 Rc8 18. Ndf3 {½-½ (25) Vitiugov,N (2730)-Tomashevsky,E (2702) Satka 2018}) 11. Nc4 h6 12. h3 Qc8 {The position is equal.} 13. Be3 Re8 14. Nfd2 {[#]} Bf8 $146 ({Predecessor:} 14... Qb7 15. Ba4 Red8 16. c3 Bd7 17. f4 exf4 18. Bxf4 {1-0 (27) Popov,I (2608)-Maiorov,N (2533) Voronezh 2018}) 15. c3 (15. f4 $14) 15... bxc3 16. bxc3 Ne7 17. Qf3 Kh7 (17... d5 $11 18. exd5 (18. Nxe5 dxe4 19. Qd1 Ned5 $11) 18... Nexd5) 18. d4 Ng6 19. d5 Bd7 20. Ba4 Rb8 21. Bxd7 Qxd7 22. Rab1 Be7 23. Kh2 Rf8 24. g3 Kg8 25. Qe2 Nh7 26. Qg4 Qa4 27. Ra1 Qe8 $1 {Accuracy: White = 77%, Black = 43%.} 1/2-1/2

[Event "KAZ-ch Open 2019"]
[Site "Almaty"]
[Date "2019.04.29"]
[Round "8.2"]
[White "Kvan, Andrey"]
[Black "Zhalmakhanov, Ramazan"]
[Result "0-1"]
[WhiteElo "2286"]
[BlackElo "2346"]
[Annotator "TA"]
[PlyCount "82"]
[EventDate "2019.04.21"]
[EventType "tourn"]
[EventCountry "KAZ"]
[SourceTitle "playchess.com"]
[Source "ChessBase"]
[SourceQuality "1"]

{[%evp 13,118,-13,0,-29,-4,-52,-34,-34,-33,-37,-40,-37,-45,-30,-32,-72,-76,-103,-73,-175,-170,-168,-168,-175,-166,-171,-172,-273,-265,-287,-280,-275,-248,-247,-214,-250,-221,-222,-222,-220,-209,-215,-214,-208,-212,-217,-211,-238,-211,-204,-201,-244,-225,-286,-274,-275,-271,-280,-288,-274,-291,-282,-290,-280,-268,-268,-247,-297,-239,-283,-265,-314,-309,-313,-327,-328,-316,-360,-358,-429,-410,-449,-437,-435,-423,-432,-420,-403,-404,-556,-566,-559,-558,-654,-651,-1033,-1103,-1047,-987,-1470,-1604,-29965,-29964,-29984,-29985,-29985,-29986]} 1. d4 Nf6 2. Nf3 d5 3. g3 c5 4. Bg2 cxd4 5. O-O h6 6. Nxd4 e5 7. Nb3 Nc6 8. Nc3 {[%cal Rc3d5] D02: 1 d4 d5 2 Nf3 sidelines, including 2...Nf6 3 g3 and 2...Nf6 3 Bf4} Be6 9. Na4 (9. f4 $5 {[%cal Rf4f5]}) 9... b6 {[#]} 10. c4 $1 {[%mdl 512] Black is slightly better.} Rc8 (10... dxc4 11. Bxc6+) 11. cxd5 Nxd5 12. Bd2 Be7 13. Nc3 Nf6 14. Be3 $146 ({Predecessor:} 14. Nc1 O-O 15. Nd3 Nd5 16. Nxd5 Bxd5 {1-0 (74) Shengelia,D (2490)-Ganaus,H (2318) Oberwart 2006}) 14... O-O 15. h3 Nb4 16. Nd2 (16. Qxd8 $17 Rcxd8 17. Rfc1) 16... Nfd5 $19 17. Nxd5 Nxd5 ({But not} 17... Bxd5 18. Qa4 $17) 18. Bxd5 Qxd5 19. Nf3 Qb5 {White must now prevent ...Rfd8.} 20. Kh2 (20. Qd3 $142 Qxb2 21. Rfb1) 20... Rfd8 ({Resist} 20... Qxb2 21. Rb1 $19) 21. Qb1 Qxe2 22. Ng1 Qc4 23. b3 Qc2 24. Nf3 f6 25. Rc1 Qxb1 26. Raxb1 Ba3 27. Rxc8 Rxc8 28. Ne1 Bb4 29. Kg2 Kf7 30. h4 Bd5+ 31. Kf1 Ke6 32. Ke2 Bb7 33. Rd1 Ba6+ 34. Kf3 Bb5 35. Ra1 g5 36. hxg5 hxg5 37. g4 Bc6+ 38. Kg3 Be4 39. Rd1 Rc7 40. Ra1 Rd7 41. Nf3 Bb7 {Played: Rd7-d3} 0-1

[Event "KAZ-ch Open 2019"]
[Site "Almaty"]
[Date "2019.04.29"]
[Round "8.3"]
[White "Kostenko, Petr"]
[Black "Moisseyenko, Ilya"]
[Result "1-0"]
[WhiteElo "2450"]
[BlackElo "2329"]
[Annotator "TA"]
[PlyCount "175"]
[EventDate "2019.04.21"]
[EventType "tourn"]
[EventCountry "KAZ"]
[SourceTitle "playchess.com"]
[Source "ChessBase"]
[SourceQuality "1"]

{[%evp 9,175,0,-2,-3,10,-81,-69,-91,-92,-83,-97,-79,-95,-98,-97,-85,-95,-85,-87,-110,-120,-80,-97,-81,-86,-91,-89,-110,-89,-85,-97,-116,-112,-128,-127,-162,-72,-75,-29,-170,-172,-228,-225,-268,-141,-227,-199,-170,-192,-282,-272,-272,-269,-255,-221,-239,-191,-189,-154,-178,-198,-235,0,-233,-126,-91,-94,-114,21,-10,-10,-68,553,545,29994,315,446,416,464,189,421,181,191,171,171,175,185,123,130,0,10,10,0,0,0,0,0,0,56,0,0,0,0,0,0,0,0,0,0,0,0,0,0,0,0,0,0,0,880,856,1137,1072,872,810,539,428,364,88,93,0,85,87,85,78,65,8,22,14,1029,781,5073,4133,29961,29962,29966,29969,29964,29961,29975,29976,29977,29976,29976,29977,29977,29978,29978,29979,29979,29979,29981,29982,29982,29983,29983,29984,29984,29985]} 1. e4 c5 2. Be2 Nc6 3. f4 g6 4. Nf3 Bg7 5. O-O d6 6. c3 {B21: Sicilian: 2 f4 and Morra Gambit} Nf6 7. d4 (7. d3 $11) (7. d3 Rb8 8. a4 a6 9. Kh1 O-O 10. Be3 c4 11. Nbd2 cxd3 12. Bxd3 b5 13. axb5 axb5 {1-0 (34) Adhiban,B (2655)-Wang,Y (2690) Riadh 2017}) 7... cxd4 $146 ({Predecessor:} 7... O-O 8. e5 dxe5 9. fxe5 Nd5 10. Na3 cxd4 {½-½ (10) Bakker,J (1927)-Nieuwland,H (1849) Leiden 2007}) 8. cxd4 {Black is slightly better.} Nxe4 9. d5 Qb6+ {[%mdl 64] Double Attack} 10. Kh1 Bxb2 11. Bxb2 Qxb2 12. dxc6 Qxa1 13. Qa4 O-O {...Nc5 is the strong threat.} 14. Qxe4 Bf5 15. Qb4 bxc6 16. Nc3 Rab8 $1 17. Qd4 Qb2 18. Qe3 Bg4 19. Nd4 Bxe2 20. Ndxe2 e6 21. Qxa7 Qb6 22. Qa3 c5 (22... d5 $19 {and Black stays clearly on top.} 23. Qc1 Rfd8) 23. Qc1 Rfd8 24. h4 (24. f5 $1 $11 {and White stays safe.} exf5 25. Nf4) 24... d5 $19 25. Ng3 (25. h5 {is a better defense.}) 25... c4 26. h5 Qd4 (26... d4 $19 27. Nce4 f5) 27. Kh2 (27. a4 $17) 27... Rbc8 28. Rf3 Qg7 29. f5 (29. Kg1 {keeps fighting.}) 29... exf5 30. Nxf5 Qe5+ {[%mdl 64] Double Attack} (30... gxf5 31. Rg3 $14) 31. Ng3 Rc6 32. Rf5 Qd4 {aiming for ...Qh4+.} 33. Kh3 Re6 34. Rf3 Qe5 35. Nf5 Rf6 $2 {[#]} (35... Kh8 $19 36. Ng3 Rf6 37. Rxf6 Qxf6) 36. Nh6+ $2 (36. Qg5 $1 $11 {[%mdl 512] and White has nothing to worry.} Rxf5 37. Qxd8+ Kg7 38. h6+ {[%mdl 64] Decoy} Kxh6 39. Qf8+ Kg5 40. Qd8+ Kh6 41. Qf8+ Kg5 42. Qd8+ Kh6) 36... Kg7 (36... Kh8 $1 $19 37. Rxf6 Qxf6) 37. Rxf6 $17 Qxf6 38. Ng4 Qd4 ({Black should play} 38... Qe7 $17 {And now ...d4 would win.} 39. hxg6 fxg6) 39. Ne2 (39. Nb5 $5 {[%cal Rb5d4]} Qd3+ 40. Kh2 $15) 39... Qb6 (39... Qd3+ $2 40. Ng3 $18) 40. Qg5 (40. Qh6+ $11 Kh8 41. Nf4) 40... Qd6 $2 {[%mdl 8192]} (40... Re8 $1 $15 {stays ahead.} 41. Nf4 f5 42. Qh6+ Kg8) 41. Nd4 $1 $18 {[%cal Rd4f5] Black must now prevent Nf5+.} Kh8 {[#]} 42. Nb5 $2 (42. Ne6 $1 {[%mdl 512] mates} Qa3+ (42... Qxe6 43. Qxd8+) 43. g3 Qf8 44. Qf6+ Kg8 45. Nh6+ $1 {[%mdl 576] Deflection, Back Rank} Qxh6 46. Qxd8+ {[%mdl 64] Double Attack} Qf8 47. Qxf8#) 42... Qd7 (42... Qf8 {was necessary.} 43. Qf6+ Kg8 44. Nh6+ {[%mdl 64] Deflection} Qxh6 45. Qxd8+ {[%mdl 64] Double Attack} Kg7 46. Qxd5 Qf4) 43. Kh4 Ra8 {Threatens to win with ...Qd8.} 44. Qf6+ Kg8 45. Nh6+ (45. Nd4 $142 Qe8 46. a4 $1 {[%mdl 512]} (46. Nh6+ Kf8 $11)) 45... Kf8 {Hoping for ...Qe7.} 46. Qh8+ Ke7 47. Qxa8 Qxb5 48. Qa7+ (48. Qa3+ $18 Kd7 49. Nxf7) 48... Qd7 $16 49. Ng8+ (49. Qd4 $1 $16) 49... Ke6 50. Qe3+ Kd6 51. Qf4+ Kc5 52. Nf6 Qe7 53. Kh3 gxh5 (53... c3 $11) 54. Nxh5 ({White should try} 54. Qf2+ $14 Kc6 55. Nxh5) 54... c3 55. Ng3 d4 {[#]} 56. Nf5 $1 Qd7 57. Qe5+ Qd5 58. Qc7+ Kb4 59. Qb6+ Kc4 60. Qb3+ Kc5 61. Qa3+ Kc4 62. Qa6+ Kb4 63. Qb6+ Ka3 $2 {[%mdl 8192]} (63... Kc4 $11 64. Qa6+ Kb4 65. Qb6+) 64. Nxd4 $18 Kxa2 65. Qb4 $1 {[%cal Rb4c3]} Qh5+ 66. Kg3 {Intending Qb3+ and mate.} Qg5+ 67. Kf3 Qh5+ 68. Ke4 $2 (68. g4 $18 {and the rest is easy.} Qh3+ 69. Kf4 Qh2+ 70. Ke4 Qg2+ 71. Kd3 Qf1+ 72. Kxc3 Qh3+ 73. Kd2 Qh6+ 74. Ke2 Qh2+ 75. Kf3 Qh1+ 76. Kf4 Qh2+ 77. Kf5 Qf2+ 78. Ke5 Qg3+ 79. Kf5) 68... Qg6+ $16 {[#]} 69. Ke5 (69. Ke3 $1 $16 {White threatens Qb3+ and mate.} Qg3+ 70. Nf3) 69... Qg3+ (69... Qg7+ $1 $11 {remains equal.} 70. Kf4 Qf6+ 71. Ke3 Qe5+ 72. Kf3 Qh5+ 73. g4 Qh3+ 74. Kf4 Qh2+ 75. Ke4 Qb2 76. Qa4+ Kb1) 70. Kf6 {White wants to mate with Qb3+.} Qf2+ 71. Ke7 {Qb3+ would kill now.} Qb2 72. Qa4+ (72. Qc4+ $14 Kb1 73. Qf1+ (73. Kxf7 Qf2+ 74. Ke7 c2 $11) 73... Qc1 74. Qb5+ Qb2 75. Ne2 (75. Kxf7 Qxb5 76. Nxb5 c2 $11) (75. Qf1+ Qc1 $16)) 72... Kb1 73. Qd1+ Ka2 $2 {[%mdl 8192]} (73... Qc1 $11 74. Qd3+ c2) 74. g4 $18 Qb7+ 75. Kf8 Qb8+ 76. Kg7 {White mates.} Qe5+ 77. Kxh7 Qh2+ 78. Kg7 Qe5+ 79. Kxf7 Qf4+ 80. Kg6 Qe4+ 81. Kf6 Qf4+ {[#]} 82. Ke6 $1 Qe4+ 83. Kd6 Qf4+ 84. Kc6 Qe4+ 85. Kb6 Qg6+ 86. Ka5 Qg5+ 87. Ka4 Qd2 88. Qc2+ {Accuracy: White = 55%, Black = 51%.} 1-0